| 000 | 01113pam a2200301 a 4500 | ||
|---|---|---|---|
| 999 |
_c26373 _d26373 |
||
| 001 | 1932437 | ||
| 003 | OSt | ||
| 005 | 20170204094733.0 | ||
| 008 | 860312s1986 moua b s001 0beng | ||
| 010 | _a 86006939 | ||
| 020 | _a082620614X (alk. paper) | ||
| 040 |
_aDLC _cDLC _dDLC |
||
| 043 | _ae-sp--- | ||
| 050 | 0 | 0 |
_aND813.C58 _bS85 1986 |
| 082 | 0 | 0 |
_a759.6 _aB _219 |
| 100 | 1 | _aSullivan, Edward J. | |
| 245 | 1 | 0 |
_aBaroque painting in Madrid : _bthe contribution of Claudio Coello with a catalogue raisonné of his works / _cEdward J. Sullivan. |
| 260 |
_aColumbia : _bUniversity of Missouri Press, _c1986. |
||
| 300 |
_axi, 293 p. : _bill. ; _c29 cm. |
||
| 500 | _aIncludes index. | ||
| 504 | _aBibliography: p. 276-287. | ||
| 600 | 1 | 0 |
_aCoello, Claudio, _d1642-1693. |
| 600 | 1 | 0 |
_aCoello, Claudio, _d1642-1693 _xCriticism and interpretation. |
| 650 | 0 |
_aPainting, Baroque _zSpain _zMadrid. |
|
| 650 | 0 |
_aPainters _zSpain _vBiography. |
|
| 906 |
_a7 _bcbc _corignew _d1 _eocip _f19 _gy-gencatlg |
||
| 942 |
_2lcc _cBOOKS _hND 813 .C58S85 1986 |
||